000 00516nam a2200181Ia 4500
005 20250326124111.0
008 250326s9999 xx 000 0 und d
037 _aTextbook
040 _aFMSL
_beng
_cFMSL
041 _aeng
_2eng
084 _aX:5 K6;1
_qFMSL
100 _aYeager L B
_9736766
245 0 _aInternational monetary relations: theory, history, and policy
_cYeager L B
260 _aNY
_bNY, Harper & Row
_c1966
300 _a504p
942 _cTB
_hX:5 K6;1
999 _c1272278
_d1272278